Statistics for All Pokémon with Regenerator

Click here to take the quiz!

General Stats

  • This quiz has been taken 3 times
  • The average score is 8 of 27

Answer Stats

(Avail)abilityPokémon% Correct
Hidden AbilityCyclizar
100%
Second AbilityMienshao
100%
Hidden AbilityAlomomola
50%
Hidden AbilityAmoonguss
50%
Hidden AbilityDuosion
50%
Hidden AbilityFoongus
50%
Hidden AbilityHo-Oh
50%
Hidden AbilityMareanie
50%
Second AbilityMienfoo
50%
Hidden AbilityReuniclus
50%
Hidden AbilitySolosis
50%
Hidden AbilityTangela
50%
Hidden AbilityTangrowth
50%
Hidden AbilityToxapex
50%
Second AbilityAudino
0%
Hidden AbilityCorsola
0%
Second AbilityEldegoss
0%
Hidden AbilityGalarian Slowbro
0%
Hidden AbilityGalarian Slowking
0%
Hidden AbilityGalarian Slowpoke
0%
Second AbilityGossifleur
0%
Second AbilityHydrapple
0%
Hidden AbilityKlawf
0%
Hidden AbilitySlowbro
0%
Hidden AbilitySlowking
0%
Hidden AbilitySlowpoke
0%
Only AbilityTornadus (Therian Forme)
0%

Score Distribution

Percentile by Number Answered

Percent of People with Each Score

Your Score History

You have not taken this quiz